Bytový dom

Saved in:
Bibliographic Details
Main Author: Hopocký, Adam (Author)
Other Authors: Šmotlák, Marcel (Thesis advisor)
Format: Manuscript Book
Language:Slovak
Published: 2021
Subjects:
Online Access:http://is.stuba.sk/zp/portal_zp.pl?podrobnosti=150202
https://opac.crzp.sk/?fn=detailBiblioForm&sid=C3156EBF8AB965AD2A29D3C699AC
Tags: Add Tag
No Tags, Be the first to tag this record!

MARC

LEADER 00000ntm a22000003a 4500
001 stuzp85061
003 SK-STU
005 20230512140819.3
007 ta
008 150427s2015----xo-----f-mn---000-0-slo-d
040 |a STU  |b slo 
041 0 |a slo 
100 1 |a Hopocký, Adam  |u 010270  |4 aut  |U SvF Stavebná fakulta  |T SvF Katedra technológie stavieb  |X 98529  |U V270  |Y 28  |7 98529 
242 0 1 |a Flat house  |y eng 
245 1 0 |a Bytový dom 
260 |c 2021 
650 4 |a podhľadový sadrokartón  |2 slo 
650 4 |a projekt organizácie výstavby  |2 slo 
650 4 |a časový harmonogram  |2 slo 
650 4 |a bytový dom  |2 slo 
650 4 |a apartment building  |2 eng 
650 4 |a ceiling plasterboard  |2 eng 
650 4 |a construction organization project  |2 eng 
650 4 |a time schedule  |2 eng 
700 1 |a Šmotlák, Marcel  |u 010270  |k Z8  |4 ths  |U SvF Stavebná fakulta  |T SvF Katedra technológie stavieb  |X 28851  |U V270  |Y 28  |7 A000028851 
856 4 |u http://is.stuba.sk/zp/portal_zp.pl?podrobnosti=150202 
856 4 |u https://opac.crzp.sk/?fn=detailBiblioForm&sid=C3156EBF8AB965AD2A29D3C699AC